000 00485nam a2200169 a 4500
001 000038814
005 20201002031400.0
008 130425s2005 dr 000 0 spa d
020 _a9945130064
040 _aDO-SdBNP
_bspa
_cBNPHU
082 _axxxx
_bxxxx
100 1 _aSalazar, Manuel
_92454
245 1 0 _a¡Manos arriba = Al margen /
_cManuel Salazar.
260 _aSanto Domingo, :
_bMediabyte,
_c2005.
300 _a46- 53 p. ;
_c21 cm.
500 _aDos obras encuadernadas juntas
999 _c38304
_d38304